|
|
|
|
| LEADER |
01636nam a2200481 a 4500 |
| 001 |
nkc20122270319 |
| 003 |
CZ PrNK |
| 005 |
20120227080836.0 |
| 007 |
ta |
| 008 |
120113s2011 xr ac f 000 0 cze |
| 015 |
|
|
|a cnb002270319
|
| 020 |
|
|
|a 978-80-7458-016-1
|q (brož.)
|
| 035 |
|
|
|a (OCoLC)780139200
|
| 040 |
|
|
|a OLA001
|b cze
|d ABA001
|
| 041 |
0 |
|
|a cze
|b eng
|b ger
|
| 072 |
|
7 |
|a 630
|x Lesnictví
|2 Konspekt
|9 24
|
| 080 |
|
|
|a 630
|2 MRF
|
| 080 |
|
|
|a 630.31
|2 MRF
|
| 080 |
|
|
|a 630.36
|2 MRF
|
| 080 |
|
|
|a (048.8:082)
|2 MRF
|
| 245 |
0 |
0 |
|a Multikriteriální hodnocení technologií pro soustřeďování dříví /
|c Alois Skoupý (ed.) ; [autoři] Jan Buchar ... [et al.]
|
| 250 |
|
|
|a 1. vyd.
|
| 260 |
|
|
|a [Kostelec nad Černými lesy] :
|b Lesnická práce,
|c 2011
|
| 300 |
|
|
|a 211 s. :
|b il. (převážně barev.), mapy ;
|c 23 cm
|
| 500 |
|
|
|a 300 výt.
|
| 500 |
|
|
|a Část. tištěno napříč
|
| 504 |
|
|
|a Obsahuje bibliografie
|
| 546 |
|
|
|a Anglické a německé resumé
|
| 650 |
0 |
7 |
|a lesnictví
|7 ph115110
|2 czenas
|
| 650 |
0 |
7 |
|a těžba dřeva
|7 ph135737
|2 czenas
|
| 650 |
0 |
7 |
|a lesnické stroje
|7 ph165292
|2 czenas
|
| 650 |
0 |
9 |
|a forestry
|2 eczenas
|
| 650 |
0 |
9 |
|a logging
|2 eczenas
|
| 650 |
0 |
9 |
|a forest machines
|2 eczenas
|
| 655 |
|
7 |
|a kolektivní monografie
|7 fd501537
|2 czenas
|
| 655 |
|
9 |
|a collective monographs
|2 eczenas
|
| 700 |
1 |
|
|a Skoupý, Alois
|7 mzk2004261152
|4 aut
|4 edt
|
| 700 |
1 |
|
|a Buchar, Jan
|4 aut
|
| 910 |
2 |
|
|a BOA001
|b 2-1279.187
|
| 990 |
|
|
|a BK
|
| 995 |
|
|
|a 01
|
| 991 |
|
|
|b 201202
|c NOV
|e n
|g g
|
| 996 |
6 |
|
|b 2610500141
|c 2-1279.187
|l MZK
|r Sklad / do 1 hodiny
|n 1
|p p.v.
|w 001224249
|u 000010
|a 1
|e BOA001
|j MZK50
|s P
|